[Event "Silkway Cup"]
[Site "T#646345FIDE"]
[Date "2020.05.26"]
[Round "6"]
[White "Meri-Arabidze"]
[Black "Lukiano"]
[Result "0-1"]
[WhiteElo "1685"]
[BlackElo "2651"]
[Annotator "RC"]
[PlyCount "136"]
[EventDate "2020.05.26"]
[EventType "swiss (blitz)"]

1. d4 {[%emt 0:00:03]} Nf6 {[%emt 0:00:02]} 2. c4 {[%emt 0:00:01]} e6 {[%emt 0:00:01]} 3. Nf3 {[%emt 0:00:02]} Bb4+ {[%emt 0:00:01]} 4. Bd2 {[%emt 0:00:01]} c5 {[%emt 0:00:01]} 5. Bxb4 {[%emt 0:00:02]} cxb4 {[%emt 0:00:00]} 6. Nbd2 {[%emt 0:00:03]} O-O {[%emt 0:00:03]} 7. Qc2 {[%emt 0:00:06]} d6 {[%emt 0:00:03]} 8. e3 {[%emt 0:00:03]} Nc6 {[%emt 0:00:01]} 9. Bd3 {[%emt 0:00:03]} Bd7 {[%emt 0:00:02]} 10. g4 {[%emt 0:00:07]} Nxg4 {[%emt 0:00:19]} 11. Bxh7+ {[%emt 0:00:02]} Kh8 {[%emt 0:00:01]} 12. Bd3 {[%emt 0:00:04]} Rc8 {[%emt 0:00:09]} 13. Rg1 {[%emt 0:00:12]} e5 {[%emt 0:00:38]} 14. Bf5 {[%emt 0:00:21]} Nh6 {[%emt 0:00:02]} 15. Bxd7 {[%emt 0:00:04]} Qxd7 {[%emt 0:00:00]} 16. dxe5 {[%emt 0:00:12]} Nxe5 {[%emt 0:00:05]} 17. Nxe5 {[%emt 0:00:14]} dxe5 {[%emt 0:00:00]} 18. O-O-O {[%emt 0:00:01]} b5 {[%emt 0:00:03]} 19. c5 {[%emt 0:00:02]} Rxc5 {[%emt 0:00:10]} 20. Qxc5 {[%emt 0:00:02]} Rc8 {[%emt 0:00:01]} 21. Qxc8+ {[%emt 0:00:52]} Qxc8+ {[%emt 0:00:00]} 22. Kb1 {[%emt 0:00:00]} f6 {[%emt 0:00:01]} 23. e4 {[%emt 0:00:06]} a5 {[%emt 0:00:04]} 24. Rc1 {[%emt 0:00:08]} Qd7 {[%emt 0:00:05]} 25. Nb3 {[%emt 0:00:06]} Qd3+ {[%emt 0:00:23]} 26. Ka1 {[%emt 0:00:02]} Qxe4 {[%emt 0:00:01]} 27. Nxa5 {[%emt 0:00:10]} Nf5 {[%emt 0:00:06]} 28. Nb3 {[%emt 0:00:04]} Qf4 {[%emt 0:00:03]} 29. h3 {[%emt 0:00:21]} Kh7 {[%emt 0:00:12]} 30. Rc2 {[%emt 0:00:09]} Qh2 {[%emt 0:00:09]} 31. Rcc1 {[%emt 0:00:07]} e4 {[%emt 0:00:10]} 32. Nc5 {[%emt 0:00:02]} Qe5 {[%emt 0:00:10]} 33. Rge1 {[%emt 0:00:04]} Nd6 {[%emt 0:00:06]} 34. Nxe4 {[%emt 0:00:02]} Nxe4 {[%emt 0:00:08]} 35. f3 {[%emt 0:00:02]} f5 {[%emt 0:00:01]} 36. fxe4 {[%emt 0:00:01]} fxe4 {[%emt 0:00:00]} 37. Re3 {[%emt 0:00:01]} b3 {[%emt 0:00:15]} 38. axb3 {[%emt 0:00:02]} Qd5 {[%emt 0:00:08]} 39. Rce1 {[%emt 0:00:02]} b4 {[%emt 0:00:01]} 40. Rxe4 {[%emt 0:00:02]} Qxb3 {[%emt 0:00:01]} 41. Rh4+ {[%emt 0:00:11]} Kg8 {[%emt 0:00:02]} 42. Ree4 {[%emt 0:00:02]} Qd1+ {[%emt 0:00:05]} 43. Ka2 {[%emt 0:00:02]} Qa4+ {[%emt 0:00:02]} 44. Kb1 {[%emt 0:00:01]} Qd1+ {[%emt 0:00:01]} 45. Ka2 {[%emt 0:00:01]} Qd5+ {[%emt 0:00:01]} 46. b3 {[%emt 0:00:02]} Qd2+ {[%emt 0:00:02]} 47. Kb1 {[%emt 0:00:01]} Qd3+ {[%emt 0:00:02]} 48. Kb2 {[%emt 0:00:01]} Qc3+ {[%emt 0:00:01]} 49. Ka2 {[%emt 0:00:02]} Qc2+ {[%emt 0:00:02]} 50. Ka1 {[%emt 0:00:01]} Qc1+ {[%emt 0:00:01]} 51. Ka2 {[%emt 0:00:01]} Qa3+ {[%emt 0:00:00]} 52. Kb1 {[%emt 0:00:00]} Qxb3+ {[%emt 0:00:00]} 53. Ka1 {[%emt 0:00:01]} Qc3+ {[%emt 0:00:02]} 54. Kb1 {[%emt 0:00:02]} b3 {[%emt 0:00:01]} 55. Rc4 {[%emt 0:00:07]} Qd2 {[%emt 0:00:05]} 56. Rc8+ {[%emt 0:00:04]} Kf7 {[%emt 0:00:01]} 57. Ra4 {[%emt 0:00:07]} Qe3 {[%emt 0:00:31]} 58. Rcc4 {[%emt 0:00:03]} Qxh3 {[%emt 0:00:03]} 59. Rf4+ {[%emt 0:00:03]} Kg8 {[%emt 0:00:02]} 60. Kb2 {[%emt 0:00:00]} Qd3 {[%emt 0:00:02]} 61. Rg4 {[%emt 0:00:01]} Qc2+ {[%emt 0:00:03]} 62. Ka3 {[%emt 0:00:01]} b2 {[%emt 0:00:01]} 63. Ra8+ {[%emt 0:00:01]} Kh7 {[%emt 0:00:01]} 64. Ra7 {[%emt 0:00:02]} b1=Q {[%emt 0:00:02]} 65. Raxg7+ {[%emt 0:00:03]} Kh6 {[%emt 0:00:02]} 66. Rh7+ {[%emt 0:00:02]} Qxh7 {[%emt 0:00:02]} 67. Rh4+ {[%emt 0:00:02]} Kg5 {[%emt 0:00:01]} 68. Rxh7 {[%emt 0:00:02]} Qxh7 {[%emt 0:00:02] Meri-Arabidze resigns (Lag: Av=0.91s, max=2.2s)} 0-1

[Event "Silkway Cup"]
[Site "T#646345FIDE"]
[Date "2020.05.26"]
[Round "6"]
[White "Mammadzada"]
[Black "Atesh"]
[Result "1-0"]
[WhiteElo "1684"]
[BlackElo "1738"]
[Annotator "NA"]
[PlyCount "57"]
[EventDate "2020.05.26"]
[EventType "swiss (blitz)"]

1. e4 {[%emt 0:00:06]} c5 {[%emt 0:00:02]} 2. Nf3 {[%emt 0:00:01]} d6 {[%emt 0:00:01]} 3. d4 {[%emt 0:00:02]} cxd4 {[%emt 0:00:01]} 4. Nxd4 {[%emt 0:00:00]} e6 {[%emt 0:00:02]} 5. c4 {[%emt 0:00:12]} Nf6 {[%emt 0:00:02]} 6. Nc3 {[%emt 0:00:01]} Be7 {[%emt 0:00:01]} 7. g3 {[%emt 0:00:22]} Nc6 {[%emt 0:00:03]} 8. Bg2 {[%emt 0:00:01]} Bd7 {[%emt 0:00:02]} 9. O-O {[%emt 0:00:23]} O-O {[%emt 0:00:02]} 10. Re1 {[%emt 0:00:08]} a6 {[%emt 0:00:12]} 11. a4 {[%emt 0:00:42]} Rc8 {[%emt 0:00:09]} 12. b3 {[%emt 0:00:12]} Nxd4 {[%emt 0:00:12]} 13. Qxd4 {[%emt 0:00:03]} Bc6 {[%emt 0:00:05]} 14. Ba3 {[%emt 0:00:07]} Qc7 {[%emt 0:00:04]} 15. Red1 {[%emt 0:00:05]} Rfd8 {[%emt 0:00:02]} 16. Rac1 {[%emt 0:00:02]} Qa5 {[%emt 0:00:13]} 17. b4 {[%emt 0:00:20] Atesh reconnected.} Qh5 {[%emt 0:00:06]} 18. b5 {[%emt 0:00:07]} Be8 {[%emt 0:00:21]} 19. h3 {[%emt 0:00:06]} axb5 {[%emt 0:00:12]} 20. cxb5 {[%emt 0:00:03]} Nd7 {[%emt 0:00:09]} 21. Bxd6 {[%emt 0:00:17]} Bf6 {[%emt 0:00:27] '} 22. Qd2 {[%emt 0:00:11]} Rxc3 {[%emt 0:00:18]} 23. g4 {[%emt 0:00:02]} Qh6 {[%emt 0:00:05]} 24. g5 {[%emt 0:00:06]} Rxc1 {[%emt 0:00:08]} 25. gxh6 {[%emt 0:00:02]} Rxd1+ {[%emt 0:00:01]} 26. Qxd1 {[%emt 0:00:00]} Ne5 {[%emt 0:00:06]} 27. f4 {[%emt 0:00:08]} Nc4 {[%emt 0:00:09]} 28. e5 {[%emt 0:00:00]} Be7 {[%emt 0:00:22]} 29. Qg4 {[%emt 0:00:01] Atesh resigns (Lag: Av=2.51s, max=59.6s)} 1-0

[Event "Silkway Cup"]
[Site "T#646345FIDE"]
[Date "2020.05.26"]
[Round "6"]
[White "HasanzadeT"]
[Black "Skoffee"]
[Result "1/2-1/2"]
[WhiteElo "1655"]
[BlackElo "1839"]
[Annotator "NA"]
[PlyCount "118"]
[EventDate "2020.05.26"]
[EventType "swiss (blitz)"]

1. e4 {[%emt 0:00:03]} d6 {[%emt 0:00:04]} 2. d4 {[%emt 0:00:02]} g6 {[%emt 0:00:01]} 3. Nc3 {[%emt 0:00:02]} Bg7 {[%emt 0:00:01]} 4. h3 {[%emt 0:00:01]} a6 {[%emt 0:00:04]} 5. Nf3 {[%emt 0:00:01]} b5 {[%emt 0:00:02]} 6. a4 {[%emt 0:00:08]} b4 {[%emt 0:00:01]} 7. Nd5 {[%emt 0:00:01]} a5 {[%emt 0:00:08]} 8. c3 {[%emt 0:00:08]} c6 {[%emt 0:00:02]} 9. Nf4 {[%emt 0:00:07]} Ba6 {[%emt 0:00:01]} 10. Bxa6 {[%emt 0:00:05]} Nxa6 {[%emt 0:00:01]} 11. O-O {[%emt 0:00:02]} Nf6 {[%emt 0:00:10]} 12. e5 {[%emt 0:00:03]} dxe5 {[%emt 0:00:01]} 13. dxe5 {[%emt 0:00:00]} Qxd1 {[%emt 0:00:02]} 14. Rxd1 {[%emt 0:00:01]} Nd7 {[%emt 0:00:06]} 15. e6 {[%emt 0:00:01]} Ndc5 {[%emt 0:00:04]} 16. exf7+ {[%emt 0:00:05]} Kxf7 {[%emt 0:00:01]} 17. Be3 {[%emt 0:00:04]} h6 {[%emt 0:00:12]} 18. Bd4 {[%emt 0:00:24]} Bf6 {[%emt 0:00:12]} 19. Bxf6 {[%emt 0:00:18]} Kxf6 {[%emt 0:00:01]} 20. Re1 {[%emt 0:00:13]} Rhd8 {[%emt 0:00:09]} 21. Ne5 {[%emt 0:00:17]} Rd2 {[%emt 0:00:20]} 22. Nc4 {[%emt 0:00:35]} Rc2 {[%emt 0:00:12]} 23. Nxa5 {[%emt 0:00:28]} e5 {[%emt 0:00:02]} 24. Ne2 {[%emt 0:00:10]} Nd3 {[%emt 0:00:02]} 25. Red1 {[%emt 0:00:06]} Nxb2 {[%emt 0:00:01]} 26. Re1 {[%emt 0:00:22]} Nc5 {[%emt 0:00:05]} 27. Nxc6 {[%emt 0:00:02]} bxc3 {[%emt 0:00:09]} 28. Ng3 {[%emt 0:00:02]} Nbd3 {[%emt 0:00:03]} 29. Ne4+ {[%emt 0:00:02]} Nxe4 {[%emt 0:00:08]} 30. Rxe4 {[%emt 0:00:00]} Rc8 {[%emt 0:00:06]} 31. Na5 {[%emt 0:00:03]} Nxf2 {[%emt 0:00:04]} 32. Re3 {[%emt 0:00:02]} e4 {[%emt 0:00:05]} 33. Rf1 {[%emt 0:00:03]} Ke5 {[%emt 0:00:02]} 34. Rxf2 {[%emt 0:00:01]} Rxf2 {[%emt 0:00:01]} 35. Kxf2 {[%emt 0:00:00]} c2 {[%emt 0:00:01]} 36. Nb3 {[%emt 0:00:01]} c1=Q {[%emt 0:00:05]} 37. Nxc1 {[%emt 0:00:01]} Rxc1 {[%emt 0:00:00]} 38. Ra3 {[%emt 0:00:01]} Rc2+ {[%emt 0:00:03]} 39. Kg3 {[%emt 0:00:02]} Rc6 {[%emt 0:00:02]} 40. a5 {[%emt 0:00:01]} Ra6 {[%emt 0:00:01]} 41. Ra4 {[%emt 0:00:01]} g5 {[%emt 0:00:06]} 42. Kg4 {[%emt 0:00:01]} Kd5 {[%emt 0:00:03]} 43. Kg3 {[%emt 0:00:03]} h5 {[%emt 0:00:07]} 44. Kf2 {[%emt 0:00:01]} g4 {[%emt 0:00:10]} 45. hxg4 {[%emt 0:00:02]} hxg4 {[%emt 0:00:00]} 46. Ke3 {[%emt 0:00:01]} g3 {[%emt 0:00:02]} 47. Rxe4 {[%emt 0:00:03]} Rxa5 {[%emt 0:00:01]} 48. Rg4 {[%emt 0:00:01]} Ra3+ {[%emt 0:00:02]} 49. Kf4 {[%emt 0:00:01]} Ke6 {[%emt 0:00:13]} 50. Rxg3 {[%emt 0:00:01]} Ra5 {[%emt 0:00:03]} 51. Rg6+ {[%emt 0:00:02]} Kf7 {[%emt 0:00:01]} 52. Rb6 {[%emt 0:00:01]} Kg7 {[%emt 0:00:05]} 53. g4 {[%emt 0:00:01]} Kf7 {[%emt 0:00:02]} 54. g5 {[%emt 0:00:01]} Kg7 {[%emt 0:00:01]} 55. Kg4 {[%emt 0:00:01]} Ra1 {[%emt 0:00:05]} 56. Rb7+ {[%emt 0:00:03]} Kg6 {[%emt 0:00:01]} 57. Rb6+ {[%emt 0:00:01]} Kg7 {[%emt 0:00:01]} 58. Rb4 {[%emt 0:00:03]} Kg6 {[%emt 0:00:02]} 59. Rb6+ {[%emt 0:00:03]} Kg7 {[%emt 0:00:01] Threefold Rep} 1/2-1/2

[Event "Silkway Cup"]
[Site "T#646345FIDE"]
[Date "2020.05.26"]
[Round "6"]
[White "Sandrika"]
[Black "KTsa"]
[Result "1/2-1/2"]
[WhiteElo "1579"]
[BlackElo "1588"]
[Annotator "NA"]
[PlyCount "171"]
[EventDate "2020.05.26"]
[EventType "swiss (blitz)"]

1. c4 {[%emt 0:00:04]} e6 {[%emt 0:00:02]} 2. Nf3 {[%emt 0:00:02]} d5 {[%emt 0:00:01]} 3. b3 {[%emt 0:00:04]} Nf6 {[%emt 0:00:01]} 4. g3 {[%emt 0:00:02]} Be7 {[%emt 0:00:01]} 5. Bg2 {[%emt 0:00:01]} O-O {[%emt 0:00:01]} 6. O-O {[%emt 0:00:01]} dxc4 {[%emt 0:00:14]} 7. bxc4 {[%emt 0:00:02]} c5 {[%emt 0:00:01]} 8. Bb2 {[%emt 0:00:02]} Nc6 {[%emt 0:00:02]} 9. d3 {[%emt 0:00:02]} Qc7 {[%emt 0:00:05]} 10. Nbd2 {[%emt 0:00:03]} b6 {[%emt 0:00:01]} 11. Ne5 {[%emt 0:00:26]} Bb7 {[%emt 0:00:11]} 12. f4 {[%emt 0:00:04]} Rad8 {[%emt 0:00:16]} 13. e3 {[%emt 0:00:15]} Nb4 {[%emt 0:00:23]} 14. Ndf3 {[%emt 0:00:07]} Be4 {[%emt 0:00:22]} 15. Ne1 {[%emt 0:00:32]} Bxg2 {[%emt 0:00:05]} 16. Kxg2 {[%emt 0:00:00]} Nd7 {[%emt 0:00:02]} 17. N5f3 {[%emt 0:00:10]} Bf6 {[%emt 0:00:05]} 18. Bxf6 {[%emt 0:00:04]} Nxf6 {[%emt 0:00:00]} 19. Qe2 {[%emt 0:00:04]} Qb7 {[%emt 0:00:08]} 20. a3 {[%emt 0:00:05]} Nc6 {[%emt 0:00:01]} 21. Kg1 {[%emt 0:00:05]} Rfe8 {[%emt 0:00:17]} 22. Ne5 {[%emt 0:00:18]} Nd7 {[%emt 0:00:22]} 23. N1f3 {[%emt 0:00:06]} Ndxe5 {[%emt 0:00:08]} 24. fxe5 {[%emt 0:00:09]} h6 {[%emt 0:00:04]} 25. Rad1 {[%emt 0:00:07]} Rd7 {[%emt 0:00:30]} 26. d4 {[%emt 0:00:12]} Red8 {[%emt 0:00:03]} 27. Qb2 {[%emt 0:00:05]} Na5 {[%emt 0:00:06]} 28. Qc2 {[%emt 0:00:05]} Qc7 {[%emt 0:00:02]} 29. Rc1 {[%emt 0:00:29]} cxd4 {[%emt 0:00:06]} 30. exd4 {[%emt 0:00:02]} Nc6 {[%emt 0:00:00]} 31. d5 {[%emt 0:00:04]} Nxe5 {[%emt 0:00:03]} 32. dxe6 {[%emt 0:00:02]} fxe6 {[%emt 0:00:13]} 33. c5 {[%emt 0:00:05]} Nxf3+ {[%emt 0:00:03]} 34. Rxf3 {[%emt 0:00:00]} Qxc5+ {[%emt 0:00:01]} 35. Qxc5 {[%emt 0:00:02]} bxc5 {[%emt 0:00:00]} 36. Rxc5 {[%emt 0:00:01]} Rd1+ {[%emt 0:00:01]} 37. Kg2 {[%emt 0:00:01]} R1d2+ {[%emt 0:00:00]} 38. Rf2 {[%emt 0:00:01]} R8d7 {[%emt 0:00:01]} 39. Ra5 {[%emt 0:00:02]} Rxf2+ {[%emt 0:00:03]} 40. Kxf2 {[%emt 0:00:01]} Kf7 {[%emt 0:00:00]} 41. Ke3 {[%emt 0:00:01]} Kf6 {[%emt 0:00:00]} 42. Ra6 {[%emt 0:00:01]} Rc7 {[%emt 0:00:02]} 43. Kd4 {[%emt 0:00:02]} Kf5 {[%emt 0:00:01]} 44. h3 {[%emt 0:00:01]} e5+ {[%emt 0:00:02]} 45. Kd3 {[%emt 0:00:04]} e4+ {[%emt 0:00:04]} 46. Kd4 {[%emt 0:00:01]} Rd7+ {[%emt 0:00:02]} 47. Ke3 {[%emt 0:00:01]} Rd3+ {[%emt 0:00:04]} 48. Kf2 {[%emt 0:00:01]} Rd7 {[%emt 0:00:12]} 49. Ra5+ {[%emt 0:00:03]} Ke6 {[%emt 0:00:02]} 50. Ke3 {[%emt 0:00:01]} Rd3+ {[%emt 0:00:01]} 51. Kf2 {[%emt 0:00:03]} g5 {[%emt 0:00:04]} 52. Rxa7 {[%emt 0:00:02]} Rf3+ {[%emt 0:00:02]} 53. Kg2 {[%emt 0:00:01]} Rd3 {[%emt 0:00:00]} 54. Ra6+ {[%emt 0:00:02]} Ke5 {[%emt 0:00:00]} 55. Rxh6 {[%emt 0:00:01]} Rd2+ {[%emt 0:00:01]} 56. Kf1 {[%emt 0:00:02]} e3 {[%emt 0:00:01]} 57. Rh8 {[%emt 0:00:02]} Ke4 {[%emt 0:00:00]} 58. Rf8 {[%emt 0:00:03]} Rd1+ {[%emt 0:00:01]} 59. Ke2 {[%emt 0:00:02]} Rd2+ {[%emt 0:00:00]} 60. Ke1 {[%emt 0:00:01]} Ra2 {[%emt 0:00:02]} 61. g4 {[%emt 0:00:03]} Rxa3 {[%emt 0:00:01]} 62. Rf5 {[%emt 0:00:00]} Ra1+ {[%emt 0:00:01]} 63. Ke2 {[%emt 0:00:01]} Ra2+ {[%emt 0:00:00]} 64. Ke1 {[%emt 0:00:01]} Rh2 {[%emt 0:00:06]} 65. Rxg5 {[%emt 0:00:03]} Rxh3 {[%emt 0:00:09]} 66. Rg8 {[%emt 0:00:02]} Rh1+ {[%emt 0:00:01]} 67. Ke2 {[%emt 0:00:01]} Rh2+ {[%emt 0:00:02]} 68. Ke1 {[%emt 0:00:01]} Kf3 {[%emt 0:00:01]} 69. Rf8+ {[%emt 0:00:02]} Kxg4 {[%emt 0:00:01]} 70. Rg8+ {[%emt 0:00:01]} Kf3 {[%emt 0:00:01]} 71. Rf8+ {[%emt 0:00:01]} Ke4 {[%emt 0:00:01]} 72. Re8+ {[%emt 0:00:01]} Kd4 {[%emt 0:00:00]} 73. Rd8+ {[%emt 0:00:01]} Kc3 {[%emt 0:00:00]} 74. Rc8+ {[%emt 0:00:01]} Kd4 {[%emt 0:00:01]} 75. Rd8+ {[%emt 0:00:01]} Kc5 {[%emt 0:00:01]} 76. Rc8+ {[%emt 0:00:01]} Kd5 {[%emt 0:00:01]} 77. Rd8+ {[%emt 0:00:01]} Ke4 {[%emt 0:00:02]} 78. Re8+ {[%emt 0:00:01]} Kf5 {[%emt 0:00:01]} 79. Rf8+ {[%emt 0:00:01]} Kg4 {[%emt 0:00:02]} 80. Rg8+ {[%emt 0:00:01]} Kf4 {[%emt 0:00:02]} 81. Rf8+ {[%emt 0:00:01]} Kg5 {[%emt 0:00:01]} 82. Rg8+ {[%emt 0:00:01]} Kf6 {[%emt 0:00:00]} 83. Re8 {[%emt 0:00:01]} Rh3 {[%emt 0:00:02]} 84. Ke2 {[%emt 0:00:02]} Kf5 {[%emt 0:00:00]} 85. Rxe3 {[%emt 0:00:01]} Rxe3+ {[%emt 0:00:01]} 86. Kxe3 {[%emt 0:00:01] (Lag: Av=0.68s, max=1.2s)} 1/2-1/2

[Event "Silkway Cup"]
[Site "T#646345FIDE"]
[Date "2020.05.26"]
[Round "6"]
[White "Moonlightbae"]
[Black "Ati1517"]
[Result "1-0"]
[WhiteElo "1576"]
[BlackElo "1565"]
[Annotator "NA"]
[PlyCount "59"]
[EventDate "2020.05.26"]
[EventType "swiss (blitz)"]

{[%evp 0,59,19,19,14,7,7,7,-1,12,42,15,15,23,37,36,36,44,44,35,41,58,43,29,76,62,76,73,74,45,94,66,101,91,70,55,70,61,77,51,54,43,33,48,47,0,0,-94,121,0,90,129,134,115,137,137,165,132,132,120,131,22]} 1. d4 {[%emt 0:00:02]} d5 {[%emt 0:00:02]} 2. c4 {[%emt 0:00:01]} e6 {[%emt 0:00:02]} 3. Nf3 {[%emt 0:00:01]} Nf6 {[%emt 0:00:01]} 4. Nc3 {[%emt 0:00:01]} c6 {[%emt 0:00:05]} 5. Bg5 {[%emt 0:00:02]} Nbd7 {[%emt 0:00:04]} 6. e3 {[%emt 0:00:01]} Be7 {[%emt 0:00:15]} 7. Rc1 {[%emt 0:00:02]} O-O {[%emt 0:00:03]} 8. Bd3 {[%emt 0:00:01]} dxc4 {[%emt 0:00:03]} 9. Bxc4 {[%emt 0:00:00]} Nd5 {[%emt 0:00:01]} 10. Bxe7 {[%emt 0:00:02]} Qxe7 {[%emt 0:00:03]} 11. Ne4 {[%emt 0:00:01]} Qb4+ {[%emt 0:00:11]} 12. Qd2 {[%emt 0:00:02]} Qe7 {[%emt 0:00:14]} 13. O-O {[%emt 0:00:03]} f5 {[%emt 0:00:01]} 14. Nc3 {[%emt 0:00:17]} N7f6 {[%emt 0:00:06]} 15. Ne5 {[%emt 0:00:02]} Bd7 {[%emt 0:00:10]} 16. a3 {[%emt 0:00:02]} Be8 {[%emt 0:00:03]} 17. Ba2 {[%emt 0:00:04]} Kh8 {[%emt 0:00:12]} 18. f3 {[%emt 0:00:13]} Bh5 {[%emt 0:00:10]} 19. e4 {[%emt 0:00:04]} Nxc3 {[%emt 0:00:19]} 20. Qxc3 {[%emt 0:00:01]} fxe4 {[%emt 0:00:02]} 21. fxe4 {[%emt 0:00:07]} Nxe4 {[%emt 0:00:02]} 22. Qh3 {[%emt 0:00:02]} Qg5 {[%emt 0:00:04]} 23. Bxe6 {[%emt 0:00:16]} Rf2 {[%emt 0:00:25]} 24. Rce1 {[%emt 0:00:53]} Raf8 {[%emt 0:00:07]} 25. Rxf2 {[%emt 0:00:17]} Nxf2 {[%emt 0:00:04]} 26. Qe3 {[%emt 0:00:27]} Qxe3 {[%emt 0:00:12]} 27. Rxe3 {[%emt 0:00:01]} Nd1 {[%emt 0:00:00]} 28. Rb3 {[%emt 0:00:09]} b6 {[%emt 0:00:14]} 29. g4 {[%emt 0:00:01]} Be8 {[%emt 0:00:06]} 30. Rh3 {[%emt 0:00:42]} 1-0

[Event "Silkway Cup"]
[Site "T#646345FIDE"]
[Date "2020.05.26"]
[Round "6"]
[White "Ulka96"]
[Black "Ka ch"]
[Result "0-1"]
[WhiteElo "1570"]
[BlackElo "2204"]
[Annotator "NA"]
[PlyCount "130"]
[EventDate "2020.05.26"]
[EventType "swiss (blitz)"]

1. b3 {[%emt 0:00:06]} g5 {[%emt 0:00:02]} 2. Bb2 {[%emt 0:00:01]} Nf6 {[%emt 0:00:02]} 3. g3 {[%emt 0:00:02]} Bg7 {[%emt 0:00:01]} 4. Bg2 {[%emt 0:00:01]} d6 {[%emt 0:00:05]} 5. e3 {[%emt 0:00:02]} Nc6 {[%emt 0:00:04]} 6. Ne2 {[%emt 0:00:01]} Bg4 {[%emt 0:00:07]} 7. c4 {[%emt 0:00:06]} Qd7 {[%emt 0:00:05]} 8. d4 {[%emt 0:00:02]} e6 {[%emt 0:00:09]} 9. Nbc3 {[%emt 0:00:01]} h6 {[%emt 0:00:16]} 10. Qd2 {[%emt 0:00:17]} O-O-O {[%emt 0:00:14]} 11. O-O-O {[%emt 0:00:45]} Kb8 {[%emt 0:00:05]} 12. Kb1 {[%emt 0:00:32]} d5 {[%emt 0:00:18]} 13. f3 {[%emt 0:00:39]} Bh5 {[%emt 0:00:11]} 14. e4 {[%emt 0:00:08]} dxe4 {[%emt 0:00:12]} 15. fxe4 {[%emt 0:00:01]} Ng4 {[%emt 0:00:11]} 16. Na4 {[%emt 0:00:14]} Nf2 {[%emt 0:00:16]} 17. Nc5 {[%emt 0:00:01]} Qe7 {[%emt 0:00:10]} 18. e5 {[%emt 0:00:20]} Qxc5 {[%emt 0:00:09]} 19. dxc5 {[%emt 0:00:01]} Rxd2 {[%emt 0:00:01]} 20. Rxd2 {[%emt 0:00:00]} Nxh1 {[%emt 0:00:03]} 21. Bxh1 {[%emt 0:00:01]} Bxe5 {[%emt 0:00:08]} 22. Bxc6 {[%emt 0:00:01]} Bxb2 {[%emt 0:00:03]} 23. Kxb2 {[%emt 0:00:01]} bxc6 {[%emt 0:00:17]} 24. Nd4 {[%emt 0:00:04]} Kb7 {[%emt 0:00:03]} 25. Rf2 {[%emt 0:00:00]} Rd8 {[%emt 0:00:04]} 26. Kc3 {[%emt 0:00:02]} Bg6 {[%emt 0:00:07]} 27. Rf3 {[%emt 0:00:03]} e5 {[%emt 0:00:05]} 28. Ne2 {[%emt 0:00:04]} Bh5 {[%emt 0:00:08]} 29. Re3 {[%emt 0:00:01]} Bxe2 {[%emt 0:00:01]} 30. Rxe2 {[%emt 0:00:01]} Re8 {[%emt 0:00:06]} 31. Rf2 {[%emt 0:00:01]} e4 {[%emt 0:00:05]} 32. Rxf7 {[%emt 0:00:03]} e3 {[%emt 0:00:02]} 33. Rf1 {[%emt 0:00:01]} Rd8 {[%emt 0:00:03]} 34. Re1 {[%emt 0:00:01]} Rd2 {[%emt 0:00:01]} 35. Rxe3 {[%emt 0:00:06]} Rxh2 {[%emt 0:00:08]} 36. a4 {[%emt 0:00:02]} h5 {[%emt 0:00:02]} 37. b4 {[%emt 0:00:04]} a6 {[%emt 0:00:03]} 38. Rf3 {[%emt 0:00:04]} Rg2 {[%emt 0:00:02]} 39. Kd4 {[%emt 0:00:05]} g4 {[%emt 0:00:03]} 40. Rb3 {[%emt 0:00:02]} Ra2 {[%emt 0:00:04]} 41. a5 {[%emt 0:00:05]} Rd2+ {[%emt 0:00:01]} 42. Ke3 {[%emt 0:00:03]} Rc2 {[%emt 0:00:02]} 43. Kf4 {[%emt 0:00:02]} Rxc4+ {[%emt 0:00:03]} 44. Kg5 {[%emt 0:00:01]} Kc8 {[%emt 0:00:01]} 45. Kxh5 {[%emt 0:00:01]} Kd7 {[%emt 0:00:01]} 46. Kg5 {[%emt 0:00:02]} Ke6 {[%emt 0:00:01]} 47. Re3+ {[%emt 0:00:04]} Kd5 {[%emt 0:00:01]} 48. Rd3+ {[%emt 0:00:02]} Ke5 {[%emt 0:00:05]} 49. Rd7 {[%emt 0:00:02]} Rxb4 {[%emt 0:00:01]} 50. Rxc7 {[%emt 0:00:01]} Kd5 {[%emt 0:00:01]} 51. Ra7 {[%emt 0:00:01]} Kxc5 {[%emt 0:00:02]} 52. Rxa6 {[%emt 0:00:01]} Kb5 {[%emt 0:00:02]} 53. Ra8 {[%emt 0:00:01]} c5 {[%emt 0:00:04]} 54. a6 {[%emt 0:00:01]} Ra4 {[%emt 0:00:02]} 55. a7 {[%emt 0:00:01]} Kb6 {[%emt 0:00:01]} 56. Kf5 {[%emt 0:00:09]} Kb7 {[%emt 0:00:06]} 57. Rg8 {[%emt 0:00:03]} Kxa7 {[%emt 0:00:01]} 58. Rxg4 {[%emt 0:00:01]} c4 {[%emt 0:00:01]} 59. Rd4 {[%emt 0:00:03]} Ra5+ {[%emt 0:00:01]} 60. Ke4 {[%emt 0:00:04]} Rc5 {[%emt 0:00:01]} 61. Rd1 {[%emt 0:00:02]} Kb6 {[%emt 0:00:01]} 62. Kd4 {[%emt 0:00:03]} Kc6 {[%emt 0:00:02]} 63. Kc3 {[%emt 0:00:05]} Rg5 {[%emt 0:00:03]} 64. Rg1 {[%emt 0:00:04]} Rg4 {[%emt 0:00:03]} 65. Rf1 {[%emt 0:00:05]} Kd5 {[%emt 0:00:06] Time (Lag: Av=0.65s, max=0.9s)} 0-1

[Event "Silkway Cup"]
[Site "T#646345FIDE"]
[Date "2020.05.26"]
[Round "6"]
[White "Nara_Kh"]
[Black "Elene tsotsonava"]
[Result "1-0"]
[WhiteElo "1549"]
[BlackElo "1451"]
[Annotator "NA"]
[PlyCount "89"]
[EventDate "2020.05.26"]
[EventType "swiss (blitz)"]

1. e4 {[%emt 0:00:02]} c5 {[%emt 0:00:01]} 2. Be2 {[%emt 0:00:01]} Nc6 {[%emt 0:00:01]} 3. f4 {[%emt 0:00:01]} e6 {[%emt 0:00:01]} 4. Nf3 {[%emt 0:00:01]} d6 {[%emt 0:00:03]} 5. O-O {[%emt 0:00:02]} Nf6 {[%emt 0:00:05]} 6. d3 {[%emt 0:00:03]} Qc7 {[%emt 0:00:06]} 7. Nbd2 {[%emt 0:00:14]} Be7 {[%emt 0:00:02]} 8. h3 {[%emt 0:00:19]} d5 {[%emt 0:00:23]} 9. e5 {[%emt 0:00:24]} Nd7 {[%emt 0:00:01]} 10. c4 {[%emt 0:00:22]} d4 {[%emt 0:00:10]} 11. Ne4 {[%emt 0:00:05]} f5 {[%emt 0:00:36]} 12. exf6 {[%emt 0:00:24]} Nxf6 {[%emt 0:00:02]} 13. Nxf6+ {[%emt 0:00:05]} Bxf6 {[%emt 0:00:00]} 14. Ng5 {[%emt 0:00:01]} O-O {[%emt 0:00:21]} 15. Ne4 {[%emt 0:00:08]} Be7 {[%emt 0:00:09]} 16. Bg4 {[%emt 0:00:15]} e5 {[%emt 0:00:25]} 17. f5 {[%emt 0:00:01]} Bf6 {[%emt 0:00:28]} 18. Nxc5 {[%emt 0:00:08]} Ne7 {[%emt 0:00:01]} 19. Ne4 {[%emt 0:00:06]} Bh4 {[%emt 0:00:04]} 20. g3 {[%emt 0:00:16]} Bf6 {[%emt 0:00:01]} 21. Bd2 {[%emt 0:00:09]} Bd7 {[%emt 0:00:17]} 22. Qe2 {[%emt 0:00:03]} Nc8 {[%emt 0:00:02]} 23. Kh2 {[%emt 0:00:03]} Bc6 {[%emt 0:00:13]} 24. Rae1 {[%emt 0:00:03]} Bxe4 {[%emt 0:00:01]} 25. Qxe4 {[%emt 0:00:02]} Nd6 {[%emt 0:00:00]} 26. Qd5+ {[%emt 0:00:09]} Kh8 {[%emt 0:00:01]} 27. c5 {[%emt 0:00:03]} Nf7 {[%emt 0:00:02]} 28. b4 {[%emt 0:00:02]} Rfd8 {[%emt 0:00:05]} 29. Qe4 {[%emt 0:00:04]} b6 {[%emt 0:00:01]} 30. Rc1 {[%emt 0:00:03]} bxc5 {[%emt 0:00:03]} 31. Rxc5 {[%emt 0:00:02]} Qb6 {[%emt 0:00:01]} 32. Rfc1 {[%emt 0:00:04]} Nd6 {[%emt 0:00:01]} 33. Qe2 {[%emt 0:00:10]} Rac8 {[%emt 0:00:04]} 34. a4 {[%emt 0:00:01]} Qb7 {[%emt 0:00:05]} 35. Bf3 {[%emt 0:00:02]} Qd7 {[%emt 0:00:04]} 36. g4 {[%emt 0:00:01]} Rxc5 {[%emt 0:00:05]} 37. bxc5 {[%emt 0:00:01]} Nc8 {[%emt 0:00:02]} 38. c6 {[%emt 0:00:01]} Qc7 {[%emt 0:00:01]} 39. Be4 {[%emt 0:00:02]} Nd6 {[%emt 0:00:01]} 40. Rb1 {[%emt 0:00:03]} Nxe4 {[%emt 0:00:05]} 41. Qxe4 {[%emt 0:00:01]} Rc8 {[%emt 0:00:01]} 42. Ba5 {[%emt 0:00:02]} Qxc6 {[%emt 0:00:03]} 43. Qxc6 {[%emt 0:00:02]} Rxc6 {[%emt 0:00:00]} 44. Rb8+ {[%emt 0:00:01]} Rc8 {[%emt 0:00:04]} 45. Rxc8+ {[%emt 0:00:01] Elene tsotsonava resigns (Lag: Av=0.62s, max=2.8s)} 1-0